Statistics for Premier League Factfile 2016/17

Click here to take the quiz!

General Stats

  • This quiz has been taken 428 times
  • The average score is 60 of 121

Answer Stats

Answer% Correct
Arsenal
96%
Chelsea
91%
Manchester United
91%
Arsène Wenger
90%
Manchester City
90%
Liverpool
88%
Everton
83%
West Ham United
83%
Bournemouth
82%
Leicester City
82%
Tottenham Hotspur
82%
Emirates Stadium
80%
Fly Emirates
80%
Sunderland
80%
The Gunners
80%
The Swans
80%
José Mourinho
79%
Jürgen Klopp
78%
Swansea City
78%
Antonio Conté
77%
West Bromwich Albion
77%
Burnley
76%
Crystal Palace
76%
Pep Guardiola
76%
Old Trafford
75%
Stoke City
75%
Southampton
74%
Stamford Bridge
74%
Anfield
72%
Hull City
72%
The Blues
71%
The Red Devils
71%
Watford
71%
Spurs
70%
Etihad Stadium
69%
John Terry
69%
Claudio Ranieri
67%
Etihad Airways
67%
Vincent Kompany
67%
The Reds
66%
Middlesbrough
65%
Jordan Henderson
64%
Mauricio Pochettino
64%
Wayne Rooney
64%
Eddie Howe
61%
White Hart Lane
61%
Ronald Koeman
60%
Wes Morgan
58%
Sean Dyche
57%
The Foxes
57%
Goodison Park
56%
King Power
55%
King Power Stadium
55%
The Hammers
55%
London Stadium
54%
KCOM Stadium
53%
Stadium of Light
52%
The Toffees
52%
Tony Pulis
51%
Alan Pardew
50%
Chevrolet
50%
Mark Hughes
50%
Per Mertesacker
50%
Slaven Bilić
50%
Hugo Lloris
49%
The Cherries
48%
The Citizens
46%
The Tigers
46%
Phil Jagielka
44%
St. Mary's Stadium
44%
The Saints
44%
Turf Moor
44%
bet365
43%
bet365 Stadium
43%
Mark Noble
43%
The Potters
43%
Vitality Stadium
42%
The Eagles
41%
Selhurst Park
40%
The Black Cats
40%
Claude Puel
38%
The Hawthorns
38%
Yokohama
38%
Liberty Stadium
36%
The Baggies
36%
Boro
35%
Ryan Shawcross
34%
The Hornets
34%
Aitor Karanka
33%
Riverside Stadium
33%
Standard Chartered
31%
Vicarage Road
31%
The Clarets
30%
Troy Deeney
30%
Ashley Williams
27%
José Fonte
24%
Michael Dawson
24%
Scott Dann
24%
Simon Francis
24%
Tom Heaton
24%
Walter Mazzarri
24%
David Moyes
23%
John O'Shea
23%
AIA
22%
Chang
22%
Darren Fletcher
18%
Mansion
16%
Betway
13%
Dafabet
12%
Grant Leadbitter
12%
Virgin Media
6%
Brendan Rodgers
5%
Ramsdens
5%
SportPesa
4%
138.com
3%
BetEast
2%
Francesco Guidolin
2%
Steve McClaren
2%
UK-K8.com
1%

Score Distribution

Percentile by Number Answered

Percent of People with Each Score

Your Score History

You have not taken this quiz